| 000 | 01781cam a22004934a 4500 | ||
|---|---|---|---|
| 001 | muse37308 | ||
| 003 | MdBmJHUP | ||
| 005 | 20210127151103.0 | ||
| 006 | m o d | ||
| 007 | cr||||||||nn|n | ||
| 008 | 131126s2014 mdu o 00 0 eng d | ||
| 010 | _z 2013046567 | ||
| 020 | _a9781421414669 | ||
| 020 | _a142141466X | ||
| 020 | _z9781421414652 (hardcover : alk. paper) | ||
| 020 | _z1421414651 (hardcover : alk. paper) | ||
| 035 | _a(OCoLC)885906941 | ||
| 040 |
_aMdBmJHUP _cMdBmJHUP |
||
| 050 | 0 | 4 |
_aML3178.A45 _bE43 2014 |
| 082 | 0 |
_a782.32/2973 _223 |
|
| 100 | 1 |
_aElder, D. Rose, _d1952- |
|
| 245 | 1 | 0 |
_aWhy the Amish Sing _bSongs of Solidarity and Identity / _cD. Rose Elder. |
| 264 | 1 | _bJohns Hopkins University Press, | |
| 264 | 3 | _bProject MUSE, | |
| 300 | _a1 online resource (pages cm.) | ||
| 490 | 0 | _aYoung Center books in Anabaptist & Pietist studies | |
| 504 | _aIncludes bibliographical references and index. | ||
| 506 | 0 |
_aOpen Access _fUnrestricted online access _2star |
|
| 588 | _aDescription based on print version record. | ||
| 650 | 0 |
_aAmish _xSocial life and customs. |
|
| 650 | 0 |
_aAmish _xMusic _xHistory and criticism. |
|
| 650 | 0 |
_aAmish _xHymns _xHistory and criticism. |
|
| 655 | 7 |
_aElectronic books. _2local |
|
| 710 | 2 |
_aProject Muse. _edistributor |
|
| 830 | 0 | _aBook collections on Project MUSE. | |
| 856 | 4 | 0 |
_zFull text available: _uhttps://muse.jhu.edu/book/33394/ |
| 945 | _aProject MUSE - 2014 Global Cultural Studies | ||
| 945 | _aProject MUSE - 2014 American Studies | ||
| 945 | _aProject MUSE - 2014 Complete | ||
| 999 |
_c24559 _d24559 |
||